Statistics for Countries Closest to South Korea - One Minute Sprint

Click here to take the quiz!

General Stats

  • This quiz has been taken 59 times
  • The average score is 15 of 21

Answer Stats

kmcountrymiles% Correct
263China164
100%
0North Korea0
100%
455Russia283
97%
50Japan31
92%
1040Mongolia646
92%
2221Vietnam1380
92%
2603Laos1618
87%
1434Philippines891
87%
2766Thailand1719
87%
2712India1865
84%
990Taiwan615
84%
2789Cambodia1733
79%
3334Indonesia2071
79%
2615Myanmar1625
68%
3014Malaysia1873
66%
3301Bangladesh2051
58%
3323Bhutan2065
55%
3334Brunei2071
42%
3217Kazakhstan1999
42%
2956Palau1837
29%
2879Micronesia1789
21%

Score Distribution

Percentile by Number Answered

Percent of People with Each Score

Your Score History

You have not taken this quiz